| 000 | 00000nam##2200000za#4500 |
| 001 | 9.577187 |
| 003 | CaOODSP |
| 005 | 20210624185508 |
| 007 | cr ||||||||||| |
| 008 | 150406|2005||||xxc|||||o f|0| 0 eng|d |
| 040 | |aCaOODSP|beng |
| 043 | |an-cn--- |
| 086 | 1 |aBT31-2/2006-III-118E-PDF |
| 110 | 1 |aCanada. |bTreasury Board. |
| 245 | 10|aDepartment of Foreign Affairs and International Trade (International Trade) |h[electronic resource] |
| 260 | |aOttawa - Ontario : |bTreasury Board of Canada Secretariat |c2005. |
| 300 | |a50p.|borganization chart, tables, photographs |
| 490 | 1 |a2005-2006 estimates. Part III, Report on plans and priorities |
| 590 | |a13-19-Supp|b2013-08-14 |
| 775 | 08|tMinistère des Affaires étrangères et du Commerce international (Commerce international) |w(CaOODSP)9.605996 |
| 776 | 0#|tMinistère des Affaires étrangères et Commerce international (Commerce international) |w(CaOODSP)9.540891 |
| 776 | 0#|tDepartment of Foreign Affairs and International Trade (International Trade) |w(CaOODSP)9.540890 |
| 830 | #0|a2005-2006 estimates. Part III, Report on plans and priorities.|w(CaOODSP)9.504925 |
| 856 | 40|ahttp://publications.gc.ca|qPDF|s5.29 MB|uhttps://publications.gc.ca/collections/Collection/BT31-2-2006-III-118E.pdf |